Vista normal
Vista MARC
Entrada Topical Term
Número de registros utilizados en: 1
001 - CONTROL NUMBER
- control field: 27146
003 - CONTROL NUMBER IDENTIFIER
- control field: OSt
005 - DATE AND TIME OF LATEST TRANSACTION
- control field: 20231102145927.0
008 - FIXED-LENGTH DATA ELEMENTS
- fixed length control field: 151124|| aca||aabn | a|a d
040 ## - CATALOGING SOURCE
- Original cataloging agency: OSt
- Transcribing agency: OSt
150 ## - HEADING--TOPICAL TERM
- Topical term or geographic name entry element: INTERNET (RED DE COMPUTADORAS)
670 ## - SOURCE DATA FOUND
- Source citation: Work cat.: (OSt)8036: Rojas Amandi, Víctor Manuel autor 7314, El uso de internet en el derecho , , 2001